Formation professionel du personnel enseignant primaire. (Record no. 64679)

MARC details
000 -LEADER
campo de control de longitud fija 00500nam a2200169 i 4500
001 - NÚMERO DE CONTROL
campo de control 64679
003 - IDENTIFICADOR DE NÚMERO DE CONTROL
campo de control ES-MaACL
005 - FECHA Y HORA DE LA ÚLTIMA TRANSACCIÓN
campo de control 20230906165203.0
007 - CAMPO FIJO DE DESCRIPCIÓN FÍSICA--INFORMACIÓN GENERAL
campo de control de longitud fija t|
008 - DATOS DE LONGITUD FIJA--INFORMACIÓN GENERAL
campo de control de longitud fija 040102q1950 sp ||||1| spa d
245 00 - MENCIÓN DEL TÍTULO
Título Formation professionel du personnel enseignant primaire.
250 ## - MENCION DE EDICION
Mención de edición 12éme ed.
260 ## - PUBLICACIÓN, DISTRIBUCIÓN, ETC.
Lugar de publicación, distribución, etc. París :
Nombre del editor, distribuidor, etc. Unesco,
Fecha de publicación, distribución, etc. [1950?]
300 ## - DESCRIPCIÓN FÍSICA
Extensión 275 p. ;
Dimensiones 24 cm.
500 ## - NOTA GENERAL
Nota general Precede al tit.: Bureau Intenational d'Education, publication nº 116.
852 ## - LOCALIZACIÓN
Ubicación ES-MaACL
Número de control de estantería D-7278
Sublocalización o colección R.30046
Holdings
Estatus retirado Estado de pérdida Estado de daño No para préstamo Biblioteca de origen Biblioteca actual Ubicación en estantería Fecha de adquisición Fuente de adquisición Total de préstamos Signatura topográfica completa Código de barras Visto por última vez Precio de reemplazo Tipo de ítem Koha
        Biblioteca del Ateneo de Madrid Biblioteca del Ateneo de Madrid Sala Valle Inclán 17/01/2008     D-7278 901067772 23/02/2023 23/02/2023 Libro impreso